Pays membres de la Communauté politique européenne. - Statistiques

Statistiques générales
  • Ce quiz a été pris 16 fois
  • Le résultat moyen est 44 sur 47
Statistiques - réponses
ANSWER % Correct
Allemagne
100%
Autriche
100%
Belgique
100%
Espagne
100%
Estonie
100%
Finlande
100%
France
100%
Hongrie
100%
Italie
100%
Lettonie
100%
Lituanie
100%
Malte
100%
Monaco
100%
Norvège
100%
Pays-Bas
100%
Portugal
100%
Roumanie
100%
Saint-Marin
100%
Suède
100%
Tchéquie
100%
Andorre
94%
Bosnie-Herzégovine
94%
Bulgarie
94%
Chypre
94%
Croatie
94%
Danemark
94%
Grèce
94%
Kosovo
94%
Macédoine du Nord
94%
Monténégro
94%
Royaume-Uni
94%
Slovénie
94%
Suisse
94%
Ukraine
94%
Irlande
88%
Liechtenstein
88%
Luxembourg
88%
Pologne
88%
Serbie
88%
Slovaquie
88%
Albanie
81%
Islande
81%
Moldavie
81%
Géorgie
75%
Turquie
75%
Arménie
63%
Azerbaïdjan
56%
Aucun quiz correspondant
Distribution des résultats
% des personnes avec chaque résultat
Percentile par nombre de réponses
Votre historique - résultats
Vous n’avez pas pris ce quiz